Générique Ratz - Paroles - Statistiques

Statistiques générales
  • Ce quiz a été pris 3 567 fois
  • Le résultat moyen est 18 sur 24
Statistiques - réponses
Paroles % Correct
Ça ça fait {danser} les rats, ça
96%
T'entends ce rythme {endiablé} ?
96%
Ouais, {Razmo} ?
93%
Hey, {Rapido} !
91%
Pas de {panique} à bord
87%
C'est les {Ratz}
85%
C'est les {Ratz}
85%
C'est les {Ratz}
85%
Pas de {panique} à bord
84%
C'est les {Ratz}
83%
Je suis le rat qui fait du {rap}
83%
Yo-yo-yo-yo-yo-{yo}-{yo}
83%
Yo-yo-yo-yo-yo-{yo}-{yo}
83%
Pas de {panique} à bord
81%
Pas de {panique} à bord
77%
Le fun et la vitesse {d}'{abord}
75%
Qui sont là {pour} {ça}
75%
Le fun et la vitesse {d}'{abord}
73%
C'est {parti}...
68%
Le fun et la vitesse {à} {bord}
54%
Get on board, get on {board}
51%
Wahou ! À fond les {bananes} !
49%
Tout le monde à {babord}
12%
Tout le monde à {tribord}
12%
Aucun quiz correspondant
Distribution des résultats
% des personnes avec chaque résultat
Percentile par nombre de réponses
Votre historique - résultats
Vous n’avez pas pris ce quiz